[Event "?"]
[Site "?"]
[Date "2021.09.16"]
[Round "6"]
[White "Архипов, Александр."]
[Black "Задорожный, Егор."]
[Result "1-0"]
[WhiteElo "1613"]
[BlackElo "1641"]
[PlyCount "79"]

1. d4 Nf6 2. Nf3 g6 3. Bf4 Bg7 4. e3 O-O 5. h3 d6 6. Be2 c5 7. c4 b6 8. Nc3 Bb7
9. d5 Nbd7 10. O-O a6 11. a4 Qc7 12. Rc1 Rad8 13. e4 Ne5 14. Nd2 e6 15. Bg5 h6
16. Bxf6 Bxf6 17. f4 Nd7 18. Bd3 exd5 19. exd5 Bd4+ 20. Kh1 f5 21. Qc2 Nf6 22.
Rce1 Rde8 23. Nf3 Nh5 24. Nxd4 Ng3+ 25. Kg1 cxd4 26. Rxe8 Rxe8 27. Rf3 Nh5 28.
Ne2 Re3 29. Rxe3 dxe3 30. g4 fxg4 31. hxg4 Nf6 32. g5 hxg5 33. fxg5 Nh7 34.
Bxg6 Nxg5 35. Qf5 Qe7 36. Kf1 Kg7 37. Nf4 e2+ 38. Nxe2 Bc8 39. Qxc8 Qf6+ 40.
Bf5 1-0

[Event "?"]
[Site "?"]
[Date "2021.09.16"]
[Round "6"]
[White "Шогджиев, Роман."]
[Black "Теймурханлы, Теймурхан."]
[Result "1-0"]
[WhiteElo "1664"]
[BlackElo "1462"]
[PlyCount "133"]

1. e4 c5 2. Nf3 e6 3. d4 cxd4 4. Nxd4 Nf6 5. Nc3 Nc6 6. a3 Be7 7. Nxc6 bxc6 8.
e5 Nd5 9. Ne4 Qc7 10. Qd4 c5 11. Nd6+ Kf8 12. Qe4 Bxd6 13. exd6 Qxd6 14. Bd3
Bb7 15. c4 Re8 16. O-O Nf6 17. Qxb7 Qxd3 18. Be3 Qxc4 19. Rac1 Qd5 20. Bxc5+
Kg8 21. Qxd5 Nxd5 22. Bxa7 f5 23. Bd4 Kf7 24. Be5 Rc8 25. f4 Rhe8 26. Kf2 g6
27. Ke2 Ke7 28. g3 d6 29. Bd4 Kd7 30. Rxc8 Rxc8 31. Kd2 Rc4 32. Kd3 Ra4 33. Rc1
Ra8 34. Rc4 Ra6 35. a4 Ra8 36. Bc3 Nb6 37. Rb4 Kc6 38. b3 Nd7 39. Rb5 Nc5+ 40.
Kd4 Re8 41. Kc4 Re7 42. Bd4 Ra7 43. Bxc5 dxc5 44. Rxc5+ Kd6 45. a5 h6 46. h4 h5
47. b4 Ra6 48. Kb5 Ra8 49. a6 Rb8+ 50. Ka5 Ra8 51. Re5 Rc8 52. b5 Rc3 53. a7
Kc7 54. Rc5+ Rxc5 55. a8=Q Rc1 56. b6+ Kd7 57. Qb7+ Kd6 58. Qb8+ Kd7 59. Qe5
Rc2 60. Qd4+ Kc8 61. Qa4 Rc5+ 62. Ka6 Kb8 63. Qe8+ Rc8 64. Qd7 Rc1 65. Qd8+ Rc8
66. Qd6+ Ka8 67. b7# 1-0

[Event "?"]
[Site "?"]
[Date "2021.09.17"]
[Round "7"]
[White "Захарцов, Владимир."]
[Black "Елецкий, Иван."]
[Result "1-0"]
[WhiteElo "2506"]
[BlackElo "2469"]
[PlyCount "155"]

1. d4 Nf6 2. c4 e6 3. Nf3 d5 4. Nc3 Bb4 5. Qa4+ Nc6 6. e3 O-O 7. Qc2 Re8 8. a3
Bxc3+ 9. bxc3 Na5 10. Ne5 Nd7 11. Nxd7 Bxd7 12. Bd3 Qh4 13. cxd5 exd5 14. O-O
c5 15. dxc5 Ba4 16. Qe2 Rac8 17. Rb1 Bb3 18. a4 Qxa4 19. Bb5 Qe4 20. Bxe8 Bc4
21. Bxf7+ Kxf7 22. Qh5+ Kg8 23. Rb4 Rf8 24. Qd1 Qf5 25. e4 dxe4 26. Be3 Bxf1
27. Qxf1 Qe5 28. Qa1 Qd5 29. Rd4 Qb3 30. Rxe4 Nc6 31. h3 h6 32. Rg4 Kh7 33. Qc1
Rf7 34. Qd2 Qb1+ 35. Kh2 Qf5 36. Ra4 Qe5+ 37. Kg1 Qf5 38. Ra1 Rd7 39. Bd4 Re7
40. Rd1 Qe4 41. Be3 Re6 42. Qd3 Qxd3 43. Rxd3 Ne5 44. Rd8 Nc6 45. Rd1 Kg6 46.
Kf1 Re8 47. Ke2 h5 48. Rd5 Ne5 49. c6 bxc6 50. Ra5 Re7 51. Rc5 Kf7 52. f4 Nd7
53. Rxc6 g6 54. Kf3 Nf6 55. Bd4 Ne4 56. Be5 Ng5+ 57. Ke3 Ne6 58. Ra6 g5 59.
fxg5 Nxg5 60. Kf4 Ne6+ 61. Kf5 Ng7+ 62. Bxg7 Kxg7 63. c4 Kf8 64. Kg5 Rg7+ 65.
Kxh5 Rxg2 66. Rxa7 Rc2 67. Rc7 Ke8 68. h4 Kd8 69. Rc5 Ke7 70. Kg5 Rg2+ 71. Kh6
Rg4 72. h5 Kf6 73. Rc6+ Kf7 74. c5 Rc4 75. Kg5 Rc1 76. h6 Rh1 77. Rc7+ Ke6 78.
h7 1-0

[Event "?"]
[Site "?"]
[Date "2021.09.17"]
[Round "7"]
[White "Погосян, Стефан."]
[Black "Козионов, Кирилл."]
[Result "1-0"]
[WhiteElo "2400"]
[BlackElo "2438"]
[PlyCount "77"]

1. Nf3 Nf6 2. b3 g6 3. Bb2 Bg7 4. d4 c5 5. dxc5 Qa5+ 6. Nbd2 Qxc5 7. e3 O-O 8.
a3 Qc7 9. c4 b6 10. Bd3 Bb7 11. O-O d6 12. Qe2 Nbd7 13. b4 Rac8 14. Rac1 Qb8
15. e4 Qa8 16. Nd4 a6 17. Rfe1 Rc7 18. N4b3 Rfc8 19. f3 Bh6 20. Qf2 Nh5 21. Bd4
a5 22. Be3 Bxe3 23. Qxe3 axb4 24. axb4 Qa3 25. b5 e5 26. Bf1 Qb4 27. g3 Ra8 28.
Ra1 Rcc8 29. Bh3 Nhf6 30. Reb1 Rxa1 31. Rxa1 Kg7 32. Ra7 Rc7 33. Kf2 Nc5 34.
Nxc5 dxc5 35. Ra2 Bc8 36. Bxc8 Rxc8 37. Qd3 Rc7 38. Qc2 Rd7 39. Nf1 1-0

[Event "?"]
[Site "?"]
[Date "2021.09.17"]
[Round "7"]
[White "Двалишвили, Павел."]
[Black "Галактионов, Артем."]
[Result "0-1"]
[WhiteElo "2400"]
[BlackElo "2371"]
[PlyCount "88"]

1. c4 e6 2. d4 d5 3. Nc3 Nf6 4. Bg5 Be7 5. e3 h6 6. Bxf6 Bxf6 7. Qc2 O-O 8.
cxd5 exd5 9. Nf3 Re8 10. Rd1 c6 11. Bd3 Bg4 12. Bf5 Bxf5 13. Qxf5 Nd7 14. O-O
g6 15. Qc2 Bg7 16. h3 Nb6 17. Rfe1 Qc7 18. Na4 Nc8 19. Nc5 Nd6 20. b4 a5 21.
bxa5 Rxa5 22. a4 Rea8 23. Rc1 Nc4 24. Nd2 Nxd2 25. Qxd2 b6 26. Nd3 Rc8 27. Nb2
Rd8 28. Rc2 c5 29. Rec1 Qa7 30. dxc5 bxc5 31. Nd3 Bf8 32. Ne5 Ra6 33. a5 Bg7
34. Nc4 Kh7 35. e4 Bd4 36. exd5 Rxd5 37. Qe1 Rf5 38. Qe4 Raf6 39. Rf1 Qa6 40.
g3 Qb5 41. g4 Rf4 42. Qd5 Qb3 43. Ne3 Qb4 44. Rd1 Rxf2 0-1

[Event "?"]
[Site "?"]
[Date "2021.09.17"]
[Round "7"]
[White "Савенков, Константин."]
[Black "Садовский, Артем."]
[Result "1-0"]
[WhiteElo "2331"]
[BlackElo "2215"]
[PlyCount "111"]

1. e4 c6 2. d4 d5 3. exd5 cxd5 4. Bd3 Nc6 5. c3 Nf6 6. Bf4 g6 7. Nf3 Bg7 8. O-O
O-O 9. Re1 Bf5 10. Bxf5 gxf5 11. Ne5 e6 12. Nd2 Nxe5 13. Bxe5 Ne4 14. Nxe4 dxe4
15. Bxg7 Kxg7 16. f3 exf3 17. Qxf3 Kh8 18. Re5 Rg8 19. Rae1 Qb6 20. R1e2 Rg6
21. Kh1 Rag8 22. d5 Rh6 23. Qf4 Rgg6 24. R5e3 Qd8 25. Qd4+ Qf6 26. Qxa7 Qh4 27.
h3 Qf4 28. Qd4+ Qxd4 29. cxd4 exd5 30. Rf3 Re6 31. Ref2 Rhf6 32. Rxf5 Rxf5 33.
Rxf5 Re2 34. b4 Rxa2 35. Rxd5 Kg7 36. Kh2 Ra3 37. Rb5 Rd3 38. d5 b6 39. Kg1 Rd2
40. Kf1 h5 41. Rxb6 Rxd5 42. Ke2 f6 43. Rb8 Kg6 44. b5 Rd4 45. b6 Rb4 46. Kd3
Kf5 47. g3 Rb3+ 48. Kc4 Rxg3 49. Rh8 Rg7 50. Rxh5+ Ke4 51. Rb5 Rb7 52. Kc5 f5
53. Kc6 Rb8 54. Kc7 Rh8 55. b7 Rh7+ 56. Kd6 1-0

[Event "?"]
[Site "?"]
[Date "2021.09.17"]
[Round "7"]
[White "Усков, Артем."]
[Black "Брякин, Михаил."]
[Result "0-1"]
[WhiteElo "2100"]
[BlackElo "2488"]
[PlyCount "188"]

1. e4 e5 2. Nf3 Nc6 3. Bb5 f5 4. Nc3 Nf6 5. Qe2 fxe4 6. Nxe4 d5 7. Nxf6+ gxf6
8. d3 Bg7 9. h3 O-O 10. O-O Ne7 11. c3 Ng6 12. Ne1 Qd6 13. Nc2 c6 14. Ba4 Bd7
15. f4 exf4 16. Nd4 Rae8 17. Qf2 Qe5 18. Bd2 Qg5 19. Kh2 Bh6 20. Bc2 Qg3+ 21.
Kg1 Bg5 22. Nf3 Qxf2+ 23. Rxf2 Rf7 24. Re1 Rxe1+ 25. Bxe1 Re7 26. Bd2 Kg7 27.
d4 a5 28. Bd3 b6 29. b3 Re8 30. Rf1 Ra8 31. Bc2 c5 32. Rb1 Be6 33. Bd3 Rc8 34.
Re1 Bf7 35. Rb1 Ne7 36. Re1 Rc7 37. c4 dxc4 38. bxc4 cxd4 39. Nxd4 Ng6 40. Nf3
Bxc4 41. Rc1 b5 42. Bxa5 Ra7 43. Bxc4 bxc4 44. Bc3 Kf7 45. Rc2 Ra4 46. Re2 Bh6
47. Rd2 Bf8 48. Kh2 Bc5 49. h4 Ke6 50. Re2+ Be3 51. g3 Kd5 52. h5 Ne5 53. Kg2
Ra3 54. Bb4 Ra6 55. Nh4 Ke4 56. gxf4 Kxf4 57. Kh3 Bc1 58. Rc2 Ba3 59. Bc3 Rc6
60. Re2 Bc1 61. Re1 Nd3 62. Re7 h6 63. a4 Nf2+ 64. Kg2 Ne4 65. Bd4 Nc5 66. a5
Ne6 67. Bxf6 Bd2 68. Rf7 Ke4 69. Nf3 c3 70. Re7 Kf5 71. Bh8 c2 72. Rf7+ Kg4 73.
Bb2 Bf4 74. Rf6 c1=Q 75. Bxc1 Rxc1 76. Nh2+ Kxh5 77. Rxe6 Rc2+ 78. Kf3 Bxh2 79.
Re2 Rc3+ 80. Ke4 Bg1 81. Ra2 Kg4 82. a6 Ba7 83. Rg2+ Rg3 84. Rc2 Re3+ 85. Kd5
Re7 86. Kd6 Rh7 87. Ke6 h5 88. Kf6 h4 89. Kg6 Rd7 90. Rc4+ Kg3 91. Rc3+ Kg2 92.
Rc2+ Bf2 93. Kf5 h3 94. Rd2 Rxd2 0-1

[Event "?"]
[Site "?"]
[Date "2021.09.17"]
[Round "7"]
[White "Смирнов, Тимофей."]
[Black "Титов, Александр."]
[Result "1-0"]
[WhiteElo "2410"]
[BlackElo "2137"]
[PlyCount "60"]

1. e4 c6 2. d4 d5 3. Nc3 dxe4 4. Nxe4 Bf5 5. Ng3 Bg6 6. N1e2 e6 7. Nf4 Qc7 8.
c3 Nd7 9. h4 Bd6 10. Nxg6 hxg6 11. Ne4 O-O-O 12. Qf3 e5 13. Qxf7 exd4 14. Bg5
dxc3 15. O-O-O Rf8 16. Nxd6+ Qxd6 17. Rxd6 cxb2+ 18. Kb1 Rxf7 19. Bc4 Rxf2 20.
Be6 Ngf6 21. Bxf6 gxf6 22. Rxd7 Kb8 23. g4 Re2 24. Bb3 Re4 25. h5 Rh6 26. Bc2
Rxg4 27. Re1 a5 28. Bxg6 Rb4 29. a3 Rb5 30. Re2 Rxg6 1-0

[Event "?"]
[Site "?"]
[Date "2021.09.17"]
[Round "7"]
[White "Федоров, Никита."]
[Black "Яшметов, Михаил."]
[Result "0-1"]
[WhiteElo "2078"]
[BlackElo "2249"]
[PlyCount "64"]

1. e4 c6 2. d4 d5 3. e5 c5 4. dxc5 e6 5. a3 Bxc5 6. b4 Be7 7. Qg4 g6 8. Bd3 a5
9. b5 Nd7 10. Nf3 Nc5 11. a4 Nxd3+ 12. cxd3 h5 13. Qd4 g5 14. Ba3 Nh6 15. Qb2
g4 16. Nd4 f6 17. f4 fxe5 18. fxe5 O-O 19. Nc3 Bxa3 20. Qxa3 Qg5 21. Nce2 Qxe5
22. O-O-O Qg5+ 23. Kb1 e5 24. Rhf1 Bf5 25. Nxf5 Nxf5 26. Nc3 Ne3 27. Rxf8+ Rxf8
28. Rc1 Qg6 29. Nd1 Nxg2 30. Nb2 Nf4 31. Rc7 h4 32. Qe7 g3 0-1

[Event "?"]
[Site "?"]
[Date "2021.09.17"]
[Round "7"]
[White "Уфимцев, Егор."]
[Black "Ким, Андрей."]
[Result "1-0"]
[WhiteElo "2196"]
[BlackElo "2037"]
[PlyCount "75"]

1. Nf3 d5 2. d4 Nf6 3. c4 c6 4. Qc2 dxc4 5. e4 b5 6. b3 cxb3 7. axb3 e6 8. Bd2
b4 9. Bd3 Bb7 10. O-O Nbd7 11. e5 Nd5 12. Bxh7 c5 13. Ng5 Be7 14. f4 Nf8 15.
Bd3 Qb6 16. f5 exf5 17. Rxf5 Bxg5 18. dxc5 Qh6 19. Bb5+ Nd7 20. Bxg5 Qxh2+ 21.
Kf2 N5f6 22. c6 Ng4+ 23. Ke1 Qg3+ 24. Kd1 Rh1+ 25. Bf1 Rc8 26. cxd7+ Kxd7 27.
Rxf7+ Ke8 28. Re7+ Kf8 29. Qf5+ Nf6 30. exf6 Qxb3+ 31. Ke1 Qg3+ 32. Ke2 Rc2+
33. Qxc2 Bf3+ 34. gxf3 Rh2+ 35. Kd1 Rxc2 36. fxg7+ Kg8 37. Kxc2 b3+ 38. Kxb3
1-0

[Event "?"]
[Site "?"]
[Date "2021.09.17"]
[Round "7"]
[White "Демидов, Михаил."]
[Black "Ахмедов, Давид."]
[Result "1-0"]
[WhiteElo "2549"]
[BlackElo "2041"]
[PlyCount "93"]

1. g3 g6 2. Bg2 Bg7 3. d4 Nf6 4. e4 d6 5. Ne2 O-O 6. O-O e5 7. Nbc3 c6 8. h3
Nbd7 9. Be3 Qc7 10. f4 b6 11. dxe5 dxe5 12. f5 Ne8 13. g4 f6 14. h4 Ba6 15. b3
Nd6 16. a4 Nf7 17. Qc1 Qd8 18. g5 fxg5 19. hxg5 Re8 20. Qe1 Nxg5 21. Rd1 Bc8
22. Qg3 h6 23. Rd6 Qc7 24. Rxg6 Nf8 25. Bxg5 Nxg6 26. Bxh6 Nf4 27. f6 Nh5 28.
f7+ Qxf7 29. Rxf7 Nxg3 30. Rxg7+ Kh8 31. Rxg3 Ba6 32. Bg7+ Kh7 33. Bh3 Bc8 34.
Bf5+ Bxf5 35. exf5 Kg8 36. Ne4 Rad8 37. Bf6+ Kf7 38. Bxd8 Rxd8 39. f6 Rd1+ 40.
Kf2 Ke6 41. Rg7 c5 42. Re7+ Kf5 43. f7 Kxe4 44. f8=Q Rf1+ 45. Kxf1 c4 46. Qf6
cxb3 47. Rxe5# 1-0

[Event "?"]
[Site "?"]
[Date "2021.09.17"]
[Round "7"]
[White "Амирджанян, Владимир."]
[Black "Павлов, Данила."]
[Result "0-1"]
[WhiteElo "2031"]
[BlackElo "2390"]
[PlyCount "60"]

1. d4 Nf6 2. c4 g6 3. Nc3 Bg7 4. e4 d6 5. Be2 O-O 6. Be3 e5 7. d5 Na6 8. g4 Nc5
9. Bf3 a5 10. h4 Nfd7 11. Qe2 c6 12. O-O-O cxd5 13. Nxd5 Ne6 14. g5 Nd4 15. Qd2
b5 16. cxb5 Bb7 17. Bxd4 exd4 18. Ne2 Ne5 19. Nxd4 Bxd5 20. exd5 Nxf3 21. Nxf3
Rc8+ 22. Kb1 Rc4 23. Rc1 Rb4 24. b3 Qd7 25. Qd3 a4 26. Rc6 axb3 27. a3 Qa7 28.
Ra6 Qxf2 29. Rh2 Qa2+ 30. Rxa2 bxa2+ 0-1

[Event "?"]
[Site "?"]
[Date "2021.09.17"]
[Round "7"]
[White "Худяков, Станислав."]
[Black "Ба~~алиашвили, Эдуард."]
[Result "1-0"]
[WhiteElo "2284"]
[BlackElo "1947"]
[PlyCount "101"]

1. d4 d5 2. c4 e6 3. Nc3 Be7 4. Nf3 Nf6 5. Bf4 O-O 6. e3 b6 7. cxd5 Nxd5 8.
Nxd5 Qxd5 9. Be2 Bb4+ 10. Nd2 Qxg2 11. Bf3 Bxd2+ 12. Kxd2 Qxf2+ 13. Kc3 c6 14.
h4 Ba6 15. Rh2 Qf1 16. Qxf1 Bxf1 17. Rxf1 Nd7 18. Rc2 Rac8 19. Kb3 e5 20. Bxe5
Nxe5 21. dxe5 c5 22. Bd5 Rcd8 23. e6 fxe6 24. Rxf8+ Kxf8 25. Be4 Ke7 26. h5 h6
27. Rf2 b5 28. Kc3 a5 29. Bg6 Rb8 30. Rf7+ Kd6 31. Rxg7 c4 32. Ra7 Kc5 33. Rxa5
Kb6 34. Kb4 Kc6 35. Be4+ Kd6 36. Rxb5 Rg8 37. Kxc4 Rg1 38. a4 Rg4 39. Kd3 Rh4
40. a5 Rg4 41. a6 Rg8 42. a7 Rd8 43. Rb8 Rd7 44. a8=Q e5 45. Ke2 Rc7 46. Qd5+
Ke7 47. Qd8+ Ke6 48. Rb6+ Kf7 49. Rf6+ Kg7 50. Rg6+ Kf7 51. Bd5# 1-0

[Event "?"]
[Site "?"]
[Date "2021.09.17"]
[Round "7"]
[White "Иванников, Максим."]
[Black "Арбузов, Михаил."]
[Result "0-1"]
[WhiteElo "1956"]
[BlackElo "2183"]
[PlyCount "110"]

1. e4 c6 2. d4 d5 3. e5 Bf5 4. h4 h6 5. g4 Bd7 6. Nc3 e6 7. Be3 c5 8. dxc5 a6
9. f4 h5 10. f5 hxg4 11. Qxg4 Nh6 12. Bxh6 Rxh6 13. fxe6 Bxe6 14. Qa4+ Nc6 15.
O-O-O Bxc5 16. Nf3 Be3+ 17. Kb1 b5 18. Qa3 b4 19. Qa4 Bg4 20. Rxd5 Bxf3 21.
Rxd8+ Rxd8 22. Rh3 bxc3 23. Bd3 Rg6 24. a3 Rg1+ 25. Ka2 cxb2 26. Kxb2 Bd4+ 27.
c3 Rb8+ 28. Qb3 Rg2+ 29. Bc2 Rxb3+ 30. Kxb3 Bd5+ 31. c4 Bxc4+ 32. Kxc4 Rxc2+
33. Kd5 Bxe5 34. h5 Kd7 35. h6 gxh6 36. a4 f6 37. Rb3 Ne7+ 38. Ke4 Rc4+ 39. Kd3
Rc3+ 40. Rxc3 Bxc3 41. Kxc3 Nc6 42. Kc4 Kd6 43. Kc3 h5 44. Kd3 h4 45. Ke3 Ke5
46. Kf3 f5 47. Kg2 f4 48. Kh3 f3 49. Kh2 Kf4 50. Kh3 Ne5 51. Kh2 f2 52. a5 Kf3
53. Kh3 Ng6 54. Kh2 Nf4 55. Kh1 f1=Q+ 0-1

[Event "?"]
[Site "?"]
[Date "2021.09.17"]
[Round "7"]
[White "Губайдуллин, Алексей."]
[Black "Скворцов, Андрей."]
[Result "0-1"]
[WhiteElo "2298"]
[BlackElo "2136"]
[PlyCount "88"]

1. d4 d5 2. Bf4 Nf6 3. e3 c5 4. c3 cxd4 5. exd4 Nc6 6. Nf3 g6 7. Bd3 Bf5 8.
Bxf5 gxf5 9. Qb3 Qd7 10. Ne5 Qc8 11. Nd2 Rg8 12. O-O e6 13. Qd1 Bg7 14. c4 Nxd4
15. cxd5 Nxd5 16. Ndc4 Bxe5 17. Bxe5 Qxc4 18. Qxd4 Qxd4 19. Bxd4 Nf4 20. Kh1
Rxg2 21. Be3 Rg4 22. f3 Nd5 23. fxg4 Nxe3 24. Rf3 Nxg4 25. Rb3 b6 26. a4 Rb8
27. a5 Nf2+ 28. Kg2 Ne4 29. axb6 axb6 30. Ra6 b5 31. Ra5 Nd6 32. Rd3 Rd8 33.
Rh3 Rc8 34. Rxh7 Rc2+ 35. Kf3 Ke7 36. Rh6 Rxb2 37. Ra7+ Kf8 38. Rd7 Nc4 39. Kf4
Rb4 40. Kg5 Ne5 41. Rb7 Kg7 42. Rh3 Rg4+ 43. Kh5 Ng6 44. Rf3 Kf6 0-1

[Event "?"]
[Site "?"]
[Date "2021.09.17"]
[Round "7"]
[White "Тейитбаев, Актилек."]
[Black "Ростовцев, Дмитрий."]
[Result "0-1"]
[WhiteElo "2106"]
[BlackElo "2124"]
[PlyCount "100"]

1. d4 Nf6 2. c4 g6 3. Nc3 Bg7 4. e4 d6 5. h3 O-O 6. Be3 c5 7. d5 e6 8. Nf3 exd5
9. exd5 Re8 10. Bd3 Bh6 11. O-O Bxe3 12. fxe3 Nbd7 13. Qd2 Qe7 14. Rae1 Ne5 15.
Nxe5 Qxe5 16. Rf4 Rf8 17. Ref1 Nh5 18. R4f3 Ng3 19. R1f2 Bf5 20. Bxf5 Nxf5 21.
e4 Nd4 22. Rf6 Kg7 23. Qf4 Qxf4 24. R2xf4 Rad8 25. g4 h6 26. h4 Rd7 27. e5 dxe5
28. Rf2 b6 29. Ne4 Rh8 30. Kg2 h5 31. Rd6 Rxd6 32. Nxd6 f6 33. gxh5 gxh5 34.
Kh2 Rd8 35. Rg2+ Kf8 36. Ne4 Kf7 37. Ng3 Rh8 38. Rd2 Kg6 39. Rg2 f5 40. Ne4+
Kf7 41. Nd6+ Kf6 42. a4 Rd8 43. Nb5 Nxb5 44. axb5 e4 45. Rg5 Rh8 46. Kg3 Ke5
47. Kf2 Kf4 48. Rg7 Ra8 49. Rg6 Ke5 50. Rg5 a6 0-1

[Event "?"]
[Site "?"]
[Date "2021.09.17"]
[Round "7"]
[White "Петрова, Елизавета."]
[Black "Шведова, Александра."]
[Result "1/2-1/2"]
[WhiteElo "1835"]
[BlackElo "2049"]
[PlyCount "134"]

1. e4 e5 2. Nf3 Nc6 3. Bb5 Nf6 4. O-O Nxe4 5. d4 Nd6 6. Bxc6 dxc6 7. dxe5 Nf5
8. Qxd8+ Kxd8 9. h3 Ke8 10. Nc3 Be6 11. b3 h5 12. Rd1 Be7 13. Ng5 Bxg5 14. Bxg5
Ne7 15. Rd2 Rd8 16. Rad1 Rxd2 17. Rxd2 a6 18. Ne4 b6 19. c3 Bf5 20. Ng3 Bd7 21.
f4 h4 22. Ne4 Bf5 23. Bxe7 Kxe7 24. Ng5 c5 25. Nf3 Be4 26. Kf2 b5 27. Ke3 Bb7
28. Ng5 f6 29. exf6+ gxf6 30. Ne4 Bxe4 31. Kxe4 Rg8 32. c4 bxc4 33. bxc4 Ke6
34. Rd5 Rxg2 35. Rxc5 f5+ 36. Kd4 Rd2+ 37. Kc3 Rxa2 38. Rxc7 Ra3+ 39. Kd4 Rxh3
40. Rc6+ Kd7 41. Rxa6 Rh1 42. Ke5 Rc1 43. Ra7+ Kd8 44. Kxf5 Rxc4 45. Rh7 Ke8
46. Rxh4 Kf7 47. Rh7+ Kf8 48. Ra7 Rb4 49. Kg5 Rb5+ 50. f5 Rb6 51. Kf4 Rc6 52.
Ke5 Rb6 53. Rd7 Ra6 54. Kf4 Ra4+ 55. Kg5 Ra6 56. Rh7 Rb6 57. Ra7 Rc6 58. Rd7
Ra6 59. Kf4 Rb6 60. Ke5 Ra6 61. f6 Ra1 62. Rd5 Kf7 63. Rd7+ Kf8 64. Rb7 Re1+
65. Kf5 Rf1+ 66. Ke6 Re1+ 67. Kd7 Kf7 1/2-1/2

[Event "?"]
[Site "?"]
[Date "2021.09.17"]
[Round "7"]
[White "Луполов, Борис."]
[Black "Ростовцев, Петр."]
[Result "1-0"]
[WhiteElo "2007"]
[BlackElo "1602"]
[PlyCount "93"]

1. d4 Nf6 2. c4 g6 3. Nc3 Bg7 4. e4 d6 5. f3 O-O 6. Be3 e5 7. Nge2 Nc6 8. d5
Ne7 9. Qd2 Nd7 10. g4 f5 11. gxf5 gxf5 12. Bg5 f4 13. Rg1 Kh8 14. Nb5 Bf6 15.
Qc3 Bxg5 16. Rxg5 a6 17. Qa3 Rb8 18. Nbc3 Nxd5 19. Nxd5 Qxg5 20. Nxc7 Nc5 21.
O-O-O Qg7 22. Nd5 Be6 23. Qa5 Bxd5 24. Rxd5 b6 25. Qd2 Nb7 26. Kb1 Qc7 27. b3
Rfd8 28. Bh3 Nc5 29. Qe1 b5 30. cxb5 Rxb5 31. Nc1 a5 32. Qh4 Rbb8 33. Bf1 a4
34. Bc4 axb3 35. axb3 Qg7 36. Rd2 Rd7 37. Kc2 Rc7 38. Rxd6 Nxb3 39. Rd8+ Qg8
40. Qf6+ Rg7 41. Rxg8+ Rbxg8 42. Nxb3 Rc8 43. Kd3 h5 44. Qxe5 Rd8+ 45. Bd5 Rc8
46. Nd4 Rcc7 47. Qe8+ 1-0

[Event "?"]
[Site "?"]
[Date "2021.09.17"]
[Round "7"]
[White "Кишиев, Фамил."]
[Black "Матевосян, Матевос."]
[Result "0-1"]
[WhiteElo "1861"]
[BlackElo "1907"]
[PlyCount "44"]

1. e4 c5 2. Nf3 d6 3. Bb5+ Nd7 4. O-O a6 5. Bd3 g6 6. c3 Bg7 7. Bc2 Ngf6 8. d4
O-O 9. Re1 e5 10. dxe5 dxe5 11. a4 b6 12. Nbd2 Qc7 13. Nc4 Rd8 14. Bg5 Nf8 15.
Qc1 Re8 16. Rd1 Bd7 17. a5 bxa5 18. Nxa5 c4 19. b3 cxb3 20. Bxb3 Nxe4 21. Bd5
Nxc3 22. Qc2 Nxd5 0-1

[Event "?"]
[Site "?"]
[Date "2021.09.17"]
[Round "7"]
[White "Гухман, Сергей."]
[Black "Гильфанов, Марат."]
[Result "1-0"]
[WhiteElo "1915"]
[BlackElo "1851"]
[PlyCount "85"]

1. Nf3 Nf6 2. g3 e6 3. Bg2 Be7 4. O-O O-O 5. c4 b6 6. d4 Bb7 7. Nc3 d5 8. cxd5
exd5 9. Ne5 Nbd7 10. Qa4 Nb8 11. Rd1 a6 12. Bg5 c6 13. Bxf6 Bxf6 14. e4 dxe4
15. Nxe4 Ra7 16. Rac1 Bxe5 17. dxe5 Qe7 18. Qd4 c5 19. Qd6 Bxe4 20. Bxe4 Qxd6
21. Rxd6 Nd7 22. f4 Rb8 23. Rcd1 Nf8 24. Rd8 Rxd8 25. Rxd8 Rd7 26. Rxd7 Nxd7
27. Bb7 Nb8 28. Kf2 Kf8 29. Ke3 Ke7 30. f5 Kd7 31. Bd5 f6 32. e6+ Kd6 33. Bb7
b5 34. g4 a5 35. b3 g6 36. Kd3 Kc7 37. a4 c4+ 38. bxc4 b4 39. g5 gxf5 40. gxf6
Kd6 41. e7 Kd7 42. c5 Ke8 43. c6 1-0

[Event "?"]
[Site "?"]
[Date "2021.09.17"]
[Round "7"]
[White "Мирзоян, Самвел."]
[Black "Дон~~ев, Александр."]
[Result "0-1"]
[WhiteElo "1829"]
[BlackElo "1000"]
[PlyCount "50"]

1. Nf3 Nf6 2. g3 b5 3. Bg2 Bb7 4. O-O e6 5. d3 c5 6. Nbd2 d5 7. Re1 Be7 8. c3
O-O 9. Qc2 Nc6 10. e4 a5 11. e5 Nd7 12. h4 Qb8 13. d4 Rc8 14. Nb3 cxd4 15.
Nbxd4 Nxd4 16. Nxd4 b4 17. Bd2 bxc3 18. Bxc3 Nxe5 19. Qe2 Bf6 20. Nxe6 Rxc3 21.
bxc3 fxe6 22. f4 Nf7 23. Qxe6 Bxc3 24. Rab1 Bxe1 25. Qe7 Bb4 0-1

[Event "?"]
[Site "?"]
[Date "2021.09.17"]
[Round "7"]
[White "Гриднев, Силантий."]
[Black "Пани~~кин, Алексей."]
[Result "1-0"]
[WhiteElo "2043"]
[BlackElo "1700"]
[PlyCount "73"]

1. Nf3 Nf6 2. c4 e6 3. Nc3 d5 4. d4 c6 5. e3 Bd6 6. Bd3 O-O 7. O-O Nbd7 8. Qc2
dxc4 9. Bxc4 e5 10. h3 Qe7 11. a3 Re8 12. Ng5 Rf8 13. f4 exd4 14. exd4 h6 15.
Nf3 Nb6 16. Bd3 Nfd5 17. Ne5 Bxe5 18. fxe5 Nxc3 19. bxc3 Be6 20. a4 Nc4 21. Qe2
b5 22. Qe4 g6 23. Bxh6 Rfc8 24. Rf6 Bf5 25. Rxf5 Nd6 26. exd6 Qxe4 27. Bxe4
gxf5 28. Bxf5 Rd8 29. d7 f6 30. Bf4 Kf7 31. Bc7 Ke7 32. Re1+ Kf8 33. Bd6+ Kg8
34. Be7 Kf7 35. Bxd8 Rxd8 36. Re8 Rxe8 37. Bg6+ 1-0

[Event "?"]
[Site "?"]
[Date "2021.09.17"]
[Round "7"]
[White "Абылкасымов, Кайратбек."]
[Black "Финкельштей, Александр."]
[Result "0-1"]
[WhiteElo "1000"]
[BlackElo "1855"]
[PlyCount "144"]

1. e4 e6 2. d4 d5 3. Nd2 dxe4 4. Nxe4 Nd7 5. Nf3 Ngf6 6. Nxf6+ Nxf6 7. c3 Be7
8. Bd3 O-O 9. Qe2 b6 10. Bf4 Bb7 11. O-O-O Qc8 12. h4 c5 13. h5 Bxf3 14. gxf3
cxd4 15. c4 Qc5 16. Be5 Rfd8 17. Kb1 Kf8 18. Rdg1 Ne8 19. Bxh7 Bf6 20. f4 Ke7
21. Bd3 Nd6 22. Bxf6+ gxf6 23. h6 f5 24. h7 Rh8 25. Rg7 Raf8 26. Qh5 Kd7 27.
Rhg1 Ne8 28. Rxf7+ Rxf7 29. Qxf7+ Qe7 30. Qh5 Rxh7 31. Qf3 Nc7 32. Bc2 Qb4 33.
a3 Qxc4 34. Bb3 Qc6 35. Qd1 Qe4+ 36. Ka2 Qxf4 37. Qc2 Qd6 38. Qc4 b5 39. Qd3
Re7 40. Rg6 Kc6 41. Qf3+ Nd5 42. Rh6 Kc5 43. Qd3 Nb6 44. Rh1 Nc4 45. Rc1 Qd5
46. Qd2 Rc7 47. Qa5 Kd6 48. Qb4+ Kd7 49. Qf8 Qd6 50. Qf7+ Qe7 51. Qh5 Nd6 52.
Re1 e5 53. Qh8 Rc8 54. Qxe5 Qxe5 55. Rxe5 Re8 56. Rd5 Re4 57. a4 a6 58. axb5
axb5 59. Ka3 Rf4 60. f3 Kc6 61. Kb4 d3+ 62. Kc3 Rxf3 63. Rxd3 Ne4+ 64. Kc2 Rxd3
65. Kxd3 Nc5+ 66. Kc3 Nxb3 67. Kxb3 Kc5 68. Kc3 b4+ 69. Kd3 Kd5 70. b3 f4 71.
Ke2 Kd4 72. Kd2 f3 0-1

[Event "?"]
[Site "?"]
[Date "2021.09.17"]
[Round "7"]
[White "Корельский, Егор."]
[Black "Камаев, Джабраил."]
[Result "1-0"]
[WhiteElo "1896"]
[BlackElo "1943"]
[PlyCount "123"]

1. d4 Nf6 2. Nf3 e6 3. g3 d5 4. Bg2 c5 5. e3 Nc6 6. O-O Be7 7. dxc5 Bxc5 8. b3
O-O 9. Bb2 b6 10. Re1 Bb7 11. a3 Rc8 12. Qe2 Qe7 13. Nbd2 a5 14. c3 Nb8 15. c4
Ba6 16. Ne5 Bd6 17. e4 Bxe5 18. Bxe5 dxc4 19. bxc4 Nbd7 20. Bb2 e5 21. Rac1 Qe6
22. f4 Rc7 23. Nf3 Rxc4 24. Rxc4 Bxc4 25. Qc2 Bb3 26. Qd2 Rc8 27. Bxe5 Rc2 28.
Qd3 Qc4 29. Qxc4 Bxc4 30. Bxf6 gxf6 31. Rd1 Nc5 32. Rd8+ Kg7 33. Nd4 Rc1+ 34.
Kf2 Be6 35. h3 Rc3 36. a4 Nxa4 37. e5 Nc5 38. exf6+ Kxf6 39. Rd6 Rd3 40. Rd8
Bd7 41. Nf3 Bxh3 42. Rb8 Nd7 43. Rb7 Bxg2 44. Kxg2 Rd6 45. Ra7 Kf5 46. Kf2 f6
47. Ke3 Re6+ 48. Kf2 Rd6 49. Ke3 Re6+ 50. Kf2 Rd6 51. Ke3 Kg4 52. Nd4 h5 53.
Ra8 Nc5 54. Rg8+ Kh3 55. Rh8 Kg4 56. Rg8+ Kh3 57. Rh8 a4 58. Kf3 Rd5 59. f5
Rxf5+ 60. Nxf5 Kh2 61. Rxh5+ Kg1 62. Nd4 1-0

[Event "?"]
[Site "?"]
[Date "2021.09.17"]
[Round "7"]
[White "Горовенко, Дарья."]
[Black "Шогджиев, Роман."]
[Result "1-0"]
[WhiteElo "2068"]
[BlackElo "1664"]
[PlyCount "123"]

1. d4 d5 2. Nf3 Nf6 3. g3 Bf5 4. Bg2 e6 5. O-O Be7 6. c4 O-O 7. Qb3 Nc6 8. cxd5
exd5 9. Bf4 Bd6 10. Bg5 h6 11. Bxf6 Qxf6 12. Nc3 Nxd4 13. Qxb7 Nxf3+ 14. Bxf3
d4 15. Nd5 Qe5 16. Qc6 Rae8 17. Rfc1 Be4 18. Bxe4 Qxe4 19. Nxc7 Qxc6 20. Rxc6
Bxc7 21. Rxc7 Rxe2 22. Rxa7 Rxb2 23. Rd7 Rb4 24. a4 Rfb8 25. Kg2 R8b7 26. Rd8+
Kh7 27. a5 Ra7 28. Rd6 f5 29. h4 Kg8 30. a6 Kf7 31. Ra5 Ke7 32. Rg6 Kf7 33. h5
Kg8 34. Rd6 Ra8 35. Rd7 d3 36. Kf3 f4 37. a7 fxg3 38. fxg3 d2 39. Ke2 Re4+ 40.
Kxd2 Ree8 41. Rb5 Kh7 42. Rbb7 Rg8 43. Kc3 Kh8 44. Kb4 Raf8 45. Ka5 Re8 46. Ka6
Re1 47. Rb8 Ra1+ 48. Kb7 Rb1+ 49. Ka8 Ra1 50. Rxg8+ Kxg8 51. Kb8 Rb1+ 52. Rb7
Rf1 53. a8=Q Rf8+ 54. Ka7 Rxa8+ 55. Kxa8 Kh7 56. Kb8 Kh8 57. Kc8 Kh7 58. Kd8
Kg8 59. Ke8 Kh7 60. Kf7 Kh8 61. Kg6 Kg8 62. Rb8# 1-0